000 00583nam a2200193Ia 4500
003 OSt
005 20250225155752.0
008 210210b2003 xxu||||| |||| 00| 0 eng d
040 _cAL
041 _aKan
082 _aK894.9 AMUK
100 _aAMURA (G S)
_dಅಮೂರ (ಜಿ ಎಸ್)
_9202687
245 _aKannada kathana sahitya: Sanna kate
_bಕನ್ನಡ ಕಥನ ಸಾಹಿತ್ಯ :ಸಣ್ಣ ಕಥೆ
260 _aBengaluru
_bPriyadarshini Prakashana
_c2003
300 _a477
690 _aKannada Criticism
_9202693
906 _a061824
942 _2ddc
_cBK
999 _c115946
_d115946